[Event "Oberliga Nord N 1213"]
[Site "Germany"]
[Date "2013.01.13"]
[Round "5.2"]
[White "Wilde, Dennis"]
[Black "Schroeder, Christoph"]
[Result "0-1"]
[WhiteElo "2164"]
[BlackElo "2187"]
[PlyCount "72"]
[EventDate "2012.10.14"]
[EventType "team-tourn"]
[EventRounds "9"]
[EventCountry "GER"]
[SourceTitle "EXT 2015"]
[Source "ChessBase"]
[SourceDate "2014.11.20"]
[SourceVersion "1"]
[SourceVersionDate "2014.11.20"]
[SourceQuality "1"]
[WhiteTeam "Schwarzenbek"]
[BlackTeam "Eppendorf"]
[WhiteTeamCountry "GER"]
[BlackTeamCountry "GER"]

1. e4 c5 2. Nc3 Nc6 3. g3 g6 4. Bg2 Bg7 5. d3 d6 6. Nge2 e5 7. 0-0 Nge7 8. Nd5 Nxd5 9. exd5 Ne7 10. c3 0-0 11. a3 b6 12. b4 Bg4 13. h3 Bd7 14. Qb3 Qc8 15. Kh2 Qa6 16. c4 Nf5 17. Ra2 Rfe8 18. Re1 h6 19. Be3 Nd4 20. Bxd4 exd4 21. b5 Qa5 22. Rb1 a6 23. bxa6 Rxa6 24. Qd1 h5 25. Ng1 Bh6 26. Re2 Qxa3 27. Rxe8+ Bxe8 28. Qe2 Qa4 29. Re1 Ra8 30. h4 Bd7 31. Qe7 Re8 32. Qxd6 Rxe1 33. Nf3 Bf8 34. Qxb6 Re2 35. Kg1 Qd1+ 36. Bf1 Bh3 0-1

[Event "Schleswig Holstein-ch Meister"]
[Site "Buesum"]
[Date "2010.03.29"]
[Round "3.5"]
[White "Nickel, Arno"]
[Black "Wilde, Dennis"]
[Result "1/2-1/2"]
[WhiteElo "2119"]
[BlackElo "2185"]
[PlyCount "111"]
[EventDate "2010.03.27"]
[EventType "swiss"]
[EventRounds "9"]
[EventCountry "GER"]
[SourceTitle "EXT 2022"]
[Source "ChessBase"]
[SourceDate "2021.10.06"]
[SourceVersion "1"]
[SourceVersionDate "2021.10.06"]
[SourceQuality "1"]

1. e4 e6 2. Qe2 c5 3. Nf3 Nc6 4. g3 g6 5. Bg2 Bg7 6. d3 Nge7 7. 0-0 Rb8 8. a4 a6 9. c3 d6 10. Na3 b5 11. axb5 axb5 12. Bd2 Na5 13. Rab1 b4 14. cxb4 cxb4 15. Nc4 Nec6 16. Be3 0-0 17. Rfd1 Ba6 18. Nxa5 Qxa5 19. Qd2 Rfd8 20. d4 b3 21. Qxa5 Nxa5 22. Ra1 Be2 23. Rd2 Bxf3 24. Rxa5 Bxg2 25. Kxg2 Rdc8 26. Rd3 Rb4 27. Ra3 Rcb8 28. f3 f5 29. Kf2 fxe4 30. fxe4 e5 31. d5 Rxe4 32. Rdxb3 Reb4 33. Rxb4 Rxb4 34. Bg5 Rxb2+ 35. Kf3 Rb7 36. Ra6 Rd7 37. Ra8+ Kf7 38. Rd8 Rxd8 39. Bxd8 Bf6 40. Bc7 Ke7 41. Ke4 Kd7 42. Bb6 Kc8 43. Be3 Kb7 44. h3 Ka6 45. Bh6 Be7 46. Kd3 Kb5 47. Be3 Bd8 48. Ke4 Bb6 49. Bg5 Kc4 50. g4 Bc5 51. h4 Kb5 52. h5 Kb6 53. Bd2 Kc7 54. Bc1 Kd7 55. Bd2 Ke7 56. Bc1 1/2-1/2

[Event "Schleswig Holstein-ch Meister"]
[Site "Buesum"]
[Date "2010.03.29"]
[Round "4.4"]
[White "Wilde, Dennis"]
[Black "Reinecker, Kai"]
[Result "0-1"]
[WhiteElo "2185"]
[BlackElo "2243"]
[PlyCount "148"]
[EventDate "2010.03.27"]
[EventType "swiss"]
[EventRounds "9"]
[EventCountry "GER"]
[SourceTitle "EXT 2022"]
[Source "ChessBase"]
[SourceDate "2021.10.06"]
[SourceVersion "1"]
[SourceVersionDate "2021.10.06"]
[SourceQuality "1"]

1. e4 e5 2. Nf3 Nf6 3. Nc3 Nc6 4. Bc4 Bb4 5. 0-0 Bxc3 6. dxc3 0-0 7. Bg5 h6 8. Bh4 Qe7 9. Re1 d6 10. Qd3 Nd8 11. Nd2 g5 12. Bg3 Ne6 13. Bxe6 Bxe6 14. Nf1 Nh5 15. Ne3 Ng7 16. f3 b6 17. Bf2 f5 18. g4 fxg4 19. fxg4 Qd7 20. Nf5 Rf6 21. Bg3 Kh7 22. Rad1 Qf7 23. b3 a5 24. a4 Bc8 25. c4 Bb7 26. Kf2 Ne6 27. Re3 Nc5 28. Qe2 Nxe4+ 29. Rxe4 Rxf5+ 30. Kg1 Rf6 31. Bxe5 Re8 32. Qd3 dxe5 33. Rxe5+ Kg7 34. Qe3 Rf4 35. h3 Re4 36. Rxe4 Bxe4 37. Re1 Bc6 38. Qd4+ Qf6 39. Qd2 Rxe1+ 40. Qxe1 Qd4+ 41. Kh2 Qf4+ 42. Kg1 Qe4 43. Qc3+ Kg8 44. Kf2 Qf4+ 45. Ke2 Bg2 46. c5 Qf1+ 47. Kd2 Qf2+ 48. Kc1 Qxc5 49. Qf6 Qd6 50. Qc3 Be4 51. Qc4+ Bd5 52. Qe2 Kf7 53. Kb1 Be6 54. Qf3+ Ke7 55. Qe4 Kd8 56. Qf3 Bd5 57. Qf5 Qc6 58. Qf8+ Kd7 59. Qf5+ Qe6 60. Qf8 Kc6 61. Qa8+ Kc5 62. Qf8+ Qd6 63. Qf1 Kc6 64. Qa6 Qf8 65. Qb5+ Kd6 66. Qd3 Qe8 67. Qf1 Qg6 68. Kb2 Be4 69. c3 Kd7 70. Qf8 Qd6 71. Qf7+ Qe7 72. Qg8 Qf6 73. Qc4 Qf2+ 74. Ka3 Qc5+ 0-1

[Event "Oberliga Nord N 0405"]
[Site "Germany"]
[Date "2004.12.12"]
[Round "4.2"]
[White "Wilde, Dennis"]
[Black "Knuth, Hannes"]
[Result "0-1"]
[WhiteElo "2182"]
[BlackElo "2299"]
[PlyCount "118"]
[EventDate "2004.10.24"]
[EventType "team-tourn"]
[EventRounds "9"]
[EventCountry "GER"]
[SourceTitle "EXT 2006"]
[Source "ChessBase"]
[SourceDate "2005.11.24"]
[SourceVersion "1"]
[SourceVersionDate "2005.11.24"]
[SourceQuality "1"]
[WhiteTeam "Glinde"]
[BlackTeam "Rostock Polizei"]
[WhiteTeamCountry "GER"]
[BlackTeamCountry "GER"]

1. e4 c5 2. Nc3 Nc6 3. g3 d6 4. Bg2 Nd4 5. d3 Nf6 6. h3 e5 7. Be3 Be6 8. Qd2 Qd7 9. f4 g6 10. fxe5 dxe5 11. Nd1 Nh5 12. Qf2 Bg7 13. c3 Nxg3 14. Rh2 Nh5 15. cxd4 exd4 16. Bf4 Nxf4 17. Qxf4 0-0 18. Nf3 Rae8 19. Nf2 f5 20. e5 Bd5 21. Kf1 Bxf3 22. Qxf3 Bxe5 23. Qd5+ Qf7 24. Rh1 Kg7 25. Re1 Qxd5 26. Bxd5 Kf6 27. Kg2 Bf4 28. Rhf1 g5 29. b3 b6 30. Nd1 Bd2 31. Rxe8 Rxe8 32. Be4 Bf4 33. Bf3 Kg6 34. a4 h5 35. h4 g4 36. Bxg4 hxg4 37. Rxf4 Re2+ 38. Rf2 Re1 39. Rf1 Rxf1 40. Kxf1 Kh5 41. Kg2 Kxh4 42. Nf2 a6 43. Nh1 f4 44. Nf2 f3+ 45. Kf1 g3 46. Ne4 Kh3 47. Ng5+ Kg4 48. Ne6 Kf5 49. Nc7 Kf4 50. Nd5+ Kg4 51. Kg1 b5 52. a5 c4 53. bxc4 bxc4 54. dxc4 d3 55. c5 d2 56. Ne3+ Kf4 57. Nd1 Ke5 58. Kf1 Kd5 59. Nc3+ Kc4 0-1

[Event "Oberliga Nord N 0405"]
[Site "Germany"]
[Date "2004.11.28"]
[Round "3.2"]
[White "Lindinger, Markus"]
[Black "Wilde, Dennis"]
[Result "1-0"]
[WhiteElo "2296"]
[BlackElo "2182"]
[PlyCount "47"]
[EventDate "2004.10.24"]
[EventType "team-tourn"]
[EventRounds "9"]
[EventCountry "GER"]
[SourceTitle "EXT 2006"]
[Source "ChessBase"]
[SourceDate "2005.11.24"]
[SourceVersion "1"]
[SourceVersionDate "2005.11.24"]
[SourceQuality "1"]
[WhiteTeam "Hamburger SK III"]
[BlackTeam "Glinde"]
[WhiteTeamCountry "GER"]
[BlackTeamCountry "GER"]

1. d4 Nf6 2. c4 e6 3. Nc3 Bb4 4. Bg5 b6 5. f3 h6 6. Bh4 Bxc3+ 7. bxc3 d6 8. e4 Nbd7 9. f4 g5 10. fxg5 Nxe4 11. Bd3 Nxg5 12. Be4 Ba6 13. Qa4 d5 14. cxd5 Bb7 15. 0-0-0 Qf6 16. dxe6 Bxe4 17. exd7+ Kd8 18. Nh3 c6 19. Rhf1 Qg7 20. Rde1 Bd5 21. Nf4 Kc7 22. Nxd5+ cxd5 23. Bg3+ Kb7 24. d8Q 1-0

[Event "Schleswig Holstein-ch M 59th"]
[Site "Buesum"]
[Date "2004.??.??"]
[Round "4"]
[White "Frohberg, Marco"]
[Black "Wilde, Dennis"]
[Result "0-1"]
[WhiteElo "2222"]
[BlackElo "2182"]
[PlyCount "114"]
[EventDate "2004.??.??"]
[EventType "swiss"]
[EventRounds "9"]
[EventCountry "GER"]
[SourceTitle "EXT 2010"]
[Source "ChessBase"]
[SourceDate "2010.11.25"]
[SourceVersion "1"]
[SourceVersionDate "2010.11.25"]
[SourceQuality "1"]

1. Nf3 Nf6 2. g3 b6 3. Bg2 Bb7 4. 0-0 e6 5. b3 Be7 6. Bb2 0-0 7. d3 d5 8. Nbd2 a5 9. a4 Na6 10. Re1 Re8 11. Ne5 c5 12. e4 Qc7 13. exd5 exd5 14. Ng4 Nd7 15. Qf3 Bg5 16. Nc4 Nb4 17. Nce5 Nxe5 18. Bxe5 Qc6 19. h4 h5 20. hxg5 hxg4 21. Qd1 Qg6 22. Qd2 Re6 23. Re2 Rae8 24. Rae1 Ba6 25. Bc3 Rxe2 26. Rxe2 Rxe2 27. Qxe2 Qe6 28. Qd1 d4 29. Bxb4 axb4 30. Be4 Bc8 31. Qd2 Qe5 32. Qf4 Qxf4 33. gxf4 f6 34. Kg2 Kf7 35. Kg3 fxg5 36. fxg5 Ke7 37. Kf4 Kd6 38. Bf5 g3 39. fxg3 Bb7 40. Bg4 Bc6 41. Bc8 g6 42. Ba6 Bd5 43. Bb5 Ke7 44. Ke5 Bf3 45. Bc4 Bd1 46. a5 bxa5 47. Kd5 a4 48. bxa4 Bxc2 49. Kxc5 b3 50. Kxd4 b2 51. Ba2 b1Q 52. Bxb1 Bxb1 53. Kc4 Kd6 54. d4 Ba2+ 55. Kd3 Kd5 56. a5 Bc4+ 57. Ke3 Ba6 0-1

[Event "Schleswig Holstein-ch M 59th"]
[Site "Buesum"]
[Date "2004.??.??"]
[Round "6"]
[White "Schmidt, Harald"]
[Black "Wilde, Dennis"]
[Result "1-0"]
[WhiteElo "2345"]
[BlackElo "2182"]
[PlyCount "43"]
[EventDate "2004.??.??"]
[EventType "swiss"]
[EventRounds "9"]
[EventCountry "GER"]
[SourceTitle "EXT 2010"]
[Source "ChessBase"]
[SourceDate "2010.11.25"]
[SourceVersion "1"]
[SourceVersionDate "2010.11.25"]
[SourceQuality "1"]

1. Nf3 Nf6 2. g3 b6 3. Bg2 Bb7 4. c4 e6 5. 0-0 Be7 6. d4 0-0 7. Nc3 d5 8. cxd5 Nxd5 9. Re1 c5 10. e4 Nxc3 11. bxc3 cxd4 12. cxd4 Nc6 13. Bb2 Rc8 14. Qa4 Nb4 15. Rad1 a6 16. d5 exd5 17. a3 Nc2 18. Re2 Rc4 19. Qb3 Qc7 20. exd5 Bd6 21. Ne5 Rc5 22. Nc6 1-0

[Event "Schleswig Holstein-ch M 56th"]
[Site "Eckernfoerde"]
[Date "2001.??.??"]
[Round "8"]
[White "Hein, Andreas"]
[Black "Wilde, Dennis"]
[Result "1-0"]
[WhiteElo "2265"]
[BlackElo "2182"]
[PlyCount "77"]
[EventDate "2001.04.??"]
[EventType "swiss"]
[EventRounds "9"]
[EventCountry "GER"]
[SourceTitle "EXT 2004"]
[Source "ChessBase"]
[SourceDate "2003.11.25"]
[SourceVersion "1"]
[SourceVersionDate "2003.11.25"]
[SourceQuality "1"]

1. d4 c5 2. e3 d5 3. Nf3 Nf6 4. c3 Qb6 5. Bd3 Nc6 6. h3 e6 7. Nbd2 Bd7 8. 0-0 Bd6 9. dxc5 Bxc5 10. e4 dxe4 11. Nxe4 Nxe4 12. Bxe4 Qc7 13. Ng5 h6 14. Nxf7 Kxf7 15. Qh5+ Ke7 16. Qxc5+ Qd6 17. Qxd6+ Kxd6 18. Be3 Kc7 19. b4 e5 20. f4 Rae8 21. Rad1 exf4 22. Bxf4+ Kc8 23. Bg6 Re2 24. a4 Ne7 25. Bd3 Ra2 26. Ra1 Rxa4 27. b5 Rxa1 28. Rxa1 Nd5 29. Bg3 a6 30. bxa6 bxa6 31. Bxa6+ Kd8 32. Bb7 Nb6 33. Ra6 Nc8 34. Be5 h5 35. Kh2 Rg8 36. Bd5 Rf8 37. Bxg7 Rf5 38. Be4 Rb5 39. Rh6 1-0

[Event "Schleswig Holstein-ch M 56th"]
[Site "Eckernfoerde"]
[Date "2001.??.??"]
[Round "2"]
[White "Michailow, Sergej"]
[Black "Wilde, Dennis"]
[Result "0-1"]
[WhiteElo "2224"]
[BlackElo "2182"]
[PlyCount "72"]
[EventDate "2001.04.??"]
[EventType "swiss"]
[EventRounds "9"]
[EventCountry "GER"]
[SourceTitle "EXT 2004"]
[Source "ChessBase"]
[SourceDate "2003.11.25"]
[SourceVersion "1"]
[SourceVersionDate "2003.11.25"]
[SourceQuality "1"]

1. e4 e6 2. d3 d5 3. Nd2 Nf6 4. Ngf3 c5 5. Be2 Nc6 6. 0-0 Qc7 7. Re1 Bd7 8. exd5 exd5 9. Bf1+ Be7 10. d4 0-0 11. dxc5 Bxc5 12. Nb3 Bb6 13. Bg5 Ne4 14. Bh4 Be6 15. Bd3 Qf4 16. Qe2 Ne5 17. Bg3 Nxf3+ 18. Qxf3 Qxf3 19. gxf3 Ng5 20. Be2 f5 21. f4 Ne4 22. Kg2 Bf7 23. c3 Nd6 24. Bh4 Rfe8 25. Bd3 Nc4 26. Bxf5 Nxb2 27. Bd7 Rxe1 28. Rxe1 Nd3 29. Re7 Nxf4+ 30. Kg3 Ng6 31. Re1 Nxh4 32. Nd4 Ng6 33. Nf5 Bc7+ 34. f4 Nxf4 35. Rb1 Rd8 36. Bb5 Ne2+ 0-1

[Event "Schleswig Holstein-ch M 56th"]
[Site "Eckernfoerde"]
[Date "2001.??.??"]
[Round "9"]
[White "Wilde, Dennis"]
[Black "Homuth, Wolfgang"]
[Result "1-0"]
[WhiteElo "2182"]
[BlackElo "2171"]
[PlyCount "71"]
[EventDate "2001.04.??"]
[EventType "swiss"]
[EventRounds "9"]
[EventCountry "GER"]
[SourceTitle "EXT 2004"]
[Source "ChessBase"]
[SourceDate "2003.11.25"]
[SourceVersion "1"]
[SourceVersionDate "2003.11.25"]
[SourceQuality "1"]

1. e4 c5 2. Nc3 Nc6 3. g3 g6 4. Bg2 Bg7 5. d3 d6 6. Be3 Rb8 7. Qd2 b5 8. f4 b4 9. Nd1 Qb6 10. Nf3 f5 11. exf5 gxf5 12. 0-0 Nh6 13. h3 0-0 14. Qe2 Bd7 15. Rf2 Nf7 16. Nh4 e6 17. g4 Nd4 18. Qe1 fxg4 19. hxg4 Nh6 20. c3 bxc3 21. bxc3 Qa5 22. Bh3 Nf7 23. g5 Nf5 24. Nxf5 exf5 25. Rh2 h6 26. Bg2 Be6 27. Bd2 Rfe8 28. Qh4 Qa4 29. Qh5 Qc2 30. Bf1 Re7 31. Ne3 Qa4 32. Re1 Rbe8 33. Rhe2 hxg5 34. Nxf5 Bxf5 35. Rxe7 Rf8 36. Bg2 1-0

[Event "Schleswig Holstein-ch M 56th"]
[Site "Eckernfoerde"]
[Date "2001.??.??"]
[Round "5"]
[White "Wilde, Dennis"]
[Black "Schmidt, Harald"]
[Result "0-1"]
[WhiteElo "2182"]
[BlackElo "2296"]
[PlyCount "90"]
[EventDate "2001.04.??"]
[EventType "swiss"]
[EventRounds "9"]
[EventCountry "GER"]
[SourceTitle "EXT 2004"]
[Source "ChessBase"]
[SourceDate "2003.11.25"]
[SourceVersion "1"]
[SourceVersionDate "2003.11.25"]
[SourceQuality "1"]

1. d4 Nf6 2. Nf3 c5 3. c3 Qc7 4. Bg5 Ne4 5. Bh4 d5 6. e3 Bf5 7. Nbd2 Nd7 8. Be2 e6 9. Nxe4 Bxe4 10. Bg3 Qb6 11. Qd2 Be7 12. 0-0 0-0 13. Ne5 Nxe5 14. Bxe5 a5 15. dxc5 Qxc5 16. Rac1 Rac8 17. Bg3 Rfd8 18. Rfd1 Qc6 19. f3 Bg6 20. Bf2 a4 21. a3 h6 22. Qe1 Bf6 23. Qf1 Qb6 24. Rd2 Be7 25. e4 Qa5 26. Rd4 dxe4 27. fxe4 Rxd4 28. cxd4 Rxc1 29. Qxc1 Bxe4 30. Qc8+ Kh7 31. Bf3 Bxf3 32. gxf3 Qg5+ 33. Kh1 Qb5 34. Qc2+ f5 35. Kg2 Bf6 36. Qd2 Qd5 37. Qb4 b5 38. h4 Qc4 39. Qd2 g5 40. h5 Qc6 41. Kg3 Be7 42. Qe2 g4 43. Kf4 gxf3 44. Qxf3 Bg5+ 45. Kg3 Bh4+ 0-1

[Event "Schleswig Holstein-ch masters"]
[Site "Bad Segeberg"]
[Date "1998.??.??"]
[Round "9"]
[White "Wilde, Dennis"]
[Black "Homuth, Manfred"]
[Result "0-1"]
[WhiteElo "2175"]
[BlackElo "2235"]
[PlyCount "77"]
[EventDate "1998.04.??"]
[EventType "swiss"]
[EventRounds "9"]
[EventCountry "GER"]
[SourceTitle "EXT 2002"]
[Source "ChessBase"]
[SourceDate "2001.11.25"]
[SourceVersion "1"]
[SourceVersionDate "2001.11.25"]
[SourceQuality "1"]

1. e4 c5 2. Nc3 Nc6 3. g3 g6 4. Bg2 Bg7 5. d3 d6 6. Be3 Rb8 7. Qd2 e6 8. f4 Nge7 9. Nf3 Nd4 10. 0-0 0-0 11. Rab1 b6 12. a3 Qc7 13. Ne2 Nxe2+ 14. Qxe2 a5 15. g4 f5 16. h3 Qd7 17. Bd2 Nc6 18. c3 Bb7 19. Nh4 Rbe8 20. Qf2 fxe4 21. dxe4 d5 22. Rbe1 Ba6 23. exd5 exd5 24. Rxe8 Rxe8 25. Re1 Bc4 26. f5 Rxe1+ 27. Qxe1 Ne5 28. Bg5 Nd3 29. Qd2 Qb5 30. f6 Bf8 31. b4 axb4 32. cxb4 cxb4 33. Bh6 Bc5+ 34. Kh1 bxa3 35. Qxd3 Qb3 36. Qd2 Qb1+ 37. Kh2 Qg1+ 38. Kg3 Qf2+ 39. Kh2 0-1

[Event "Wichern op 4th"]
[Site "Hamburg"]
[Date "1997.??.??"]
[Round "9"]
[White "Gara, Anita"]
[Black "Wilde, Dennis"]
[Result "1/2-1/2"]
[WhiteElo "2265"]
[BlackElo "2140"]
[PlyCount "144"]
[EventDate "1997.10.??"]
[EventType "swiss"]
[EventRounds "9"]
[EventCountry "GER"]
[SourceTitle "EXT 1998"]
[Source "ChessBase"]
[SourceDate "1997.11.17"]
[SourceVersion "1"]
[SourceVersionDate "1997.11.17"]
[SourceQuality "1"]

1. e4 e6 2. d4 d5 3. Nd2 Nf6 4. e5 Nfd7 5. Bd3 c5 6. c3 Nc6 7. Ne2 cxd4 8. cxd4 f6 9. exf6 Nxf6 10. Nf3 Bd6 11. 0-0 0-0 12. Bf4 Ne4 13. Qc1 Bxf4 14. Nxf4 Qd6 15. Ne2 e5 16. Qe3 exd4 17. Nexd4 Bg4 18. Nxc6 bxc6 19. Bxe4 dxe4 20. Ng5 Rae8 21. Nxe4 Qg6 22. Rfe1 Bf3 23. Qb3+ Kh8 24. Ng3 Bd5 25. Qb4 Qf6 26. Qd2 Rxe1+ 27. Rxe1 Bxa2 28. Ra1 Qf7 29. Qe3 a5 30. Qc5 Kg8 31. f3 a4 32. Qxc6 Qb3 33. Qc3 Qxc3 34. bxc3 Bb3 35. Ne4 Rd8 36. Kf2 Rd1 37. Ra3 Rc1 38. Nc5 Rxc3 39. Nxa4 Rc2+ 40. Kg3 Bxa4 41. Rxa4 Kf7 42. Rf4+ Kg8 43. h4 Ra2 44. h5 Ra5 45. Kg4 g6 46. hxg6 hxg6 47. Re4 Kg7 48. Kf4 Kf6 49. Rc4 Rf5+ 50. Ke4 Re5+ 51. Kf4 Rf5+ 52. Ke3 Re5+ 53. Kf2 Re6 54. Rc5 Ra6 55. f4 Ra2+ 56. Kf3 Ra3+ 57. Kg4 Ra6 58. Rd5 Rb6 59. Kf3 Rb3+ 60. Ke4 Rb4+ 61. Kf3 Rb3+ 62. Kg4 Rb6 63. Kh4 Ra6 64. g4 Ra4 65. Rd6+ Ke7 66. Rxg6 Rxf4 67. Kg5 Kf7 68. Ra6 Rb4 69. Kh5 Kg7 70. Ra7+ Kg8 71. g5 Rb6 72. g6 Rb1 1/2-1/2

[Event "Wichern op 4th"]
[Site "Hamburg"]
[Date "1997.??.??"]
[Round "6"]
[White "Rosen, Bernd"]
[Black "Wilde, Dennis"]
[Result "0-1"]
[WhiteElo "2330"]
[BlackElo "2140"]
[PlyCount "78"]
[EventDate "1997.10.??"]
[EventType "swiss"]
[EventRounds "9"]
[EventCountry "GER"]
[SourceTitle "EXT 1998"]
[Source "ChessBase"]
[SourceDate "1997.11.17"]
[SourceVersion "1"]
[SourceVersionDate "1997.11.17"]
[SourceQuality "1"]

1. c4 Nf6 2. Nc3 e5 3. g3 g6 4. Bg2 Bg7 5. e4 0-0 6. Nge2 d6 7. 0-0 c6 8. d3 Nbd7 9. h3 a6 10. Be3 b5 11. Qd2 Bb7 12. f4 Ne8 13. f5 Nc7 14. h4 Nf6 15. Bg5 Qd7 16. Bh3 d5 17. Kh2 Qd6 18. Rad1 d4 19. c5 Qxc5 20. Nb1 Qd6 21. g4 c5 22. Ng3 c4 23. h5 cxd3 24. Bxf6 Bxf6 25. g5 Bd8 26. Rh1 Nd5 27. exd5 e4 28. hxg6 fxg6 29. f6 Bxd5 30. Rhg1 Bc7 31. Qe1 h5 32. gxh6 Rxf6 33. Kh1 e3+ 34. Bg2 Raf8 35. Rxd3 Rf4 36. Bxd5+ Qxd5+ 37. Rg2 Rf2 38. Qg1 Bxg3 39. Rxd4 Qh5+ 0-1

[Event "Wichern op 4th"]
[Site "Hamburg"]
[Date "1997.??.??"]
[Round "4"]
[White "Sievers, Stefan"]
[Black "Wilde, Dennis"]
[Result "1-0"]
[WhiteElo "2365"]
[BlackElo "2140"]
[PlyCount "81"]
[EventDate "1997.10.??"]
[EventType "swiss"]
[EventRounds "9"]
[EventCountry "GER"]
[SourceTitle "EXT 1998"]
[Source "ChessBase"]
[SourceDate "1997.11.17"]
[SourceVersion "1"]
[SourceVersionDate "1997.11.17"]
[SourceQuality "1"]

1. e4 e6 2. d4 d5 3. Nc3 Bb4 4. e5 c5 5. a3 Bxc3+ 6. bxc3 Ne7 7. Qg4 Qc7 8. Qxg7 Rg8 9. Qxh7 cxd4 10. Ne2 Nbc6 11. f4 dxc3 12. Qd3 Bd7 13. Be3 Rc8 14. g3 Na5 15. Bf2 Nc4 16. Nd4 Ba4 17. Bg2 Nd2 18. Nb5 Bxb5 19. Qxb5+ Qc6 20. Qxc6+ Rxc6 21. Bd4 Nc4 22. Bf1 Kf8 23. Bd3 Kg7 24. Ke2 Nf5 25. Bf2 a6 26. g4 Ne7 27. Bh4 Ng6 28. Bf6+ Kf8 29. Kf3 Nd2+ 30. Kg3 Ne7 31. h4 Nf5+ 32. Kh3 Ne3 33. Rhg1 Rc4 34. Bxc4 Nexc4 35. Rab1 b5 36. a4 Na3 37. axb5 axb5 38. Rb3 Nac4 39. Rxb5 Ke8 40. Rb8+ Kd7 41. Rxg8 1-0

[Event "Schleswig Holstein-ch masters"]
[Site "Ratzeburg"]
[Date "1997.??.??"]
[Round "8"]
[White "Steffens, Olaf"]
[Black "Wilde, Dennis"]
[Result "1-0"]
[WhiteElo "2320"]
[BlackElo "2120"]
[PlyCount "55"]
[EventDate "1997.??.??"]
[EventType "swiss"]
[EventRounds "9"]
[EventCountry "GER"]
[SourceTitle "EXT 2002"]
[Source "ChessBase"]
[SourceDate "2001.11.25"]
[SourceVersion "1"]
[SourceVersionDate "2001.11.25"]
[SourceQuality "1"]

1. b4 e5 2. a3 g6 3. Bb2 Bg7 4. e3 d6 5. c4 f5 6. Nf3 Nf6 7. d4 e4 8. Nfd2 0-0 9. Nc3 Kh8 10. Be2 c6 11. Qc2 Na6 12. c5 d5 13. b5 Nc7 14. a4 Ne6 15. g3 g5 16. h4 f4 17. 0-0-0 fxe3 18. fxe3 Bh6 19. hxg5 Bxg5 20. Ndxe4 dxe4 21. Nxe4 Bxe3+ 22. Kb1 Nd5 23. Rxh7+ Kxh7 24. Ng5+ Kh6 25. Rh1+ Kxg5 26. Rh5+ Kf6 27. Qf5+ Ke7 28. Rh7+ 1-0

[Event "Schleswig Holstein-ch masters"]
[Site "Ratzeburg"]
[Date "1997.??.??"]
[Round "5"]
[White "Wilde, Dennis"]
[Black "Krause, Ullrich"]
[Result "1-0"]
[WhiteElo "2120"]
[BlackElo "2280"]
[PlyCount "81"]
[EventDate "1997.??.??"]
[EventType "swiss"]
[EventRounds "9"]
[EventCountry "GER"]
[SourceTitle "EXT 2002"]
[Source "ChessBase"]
[SourceDate "2001.11.25"]
[SourceVersion "1"]
[SourceVersionDate "2001.11.25"]
[SourceQuality "1"]

1. e4 e6 2. d4 d5 3. Nd2 Nf6 4. e5 Nfd7 5. c3 c5 6. f4 cxd4 7. cxd4 Nc6 8. Ndf3 h5 9. Bd3 g6 10. Ne2 Nb6 11. 0-0 Bd7 12. Nc3 Nb4 13. Bb1 a5 14. Ng5 Be7 15. g4 hxg4 16. Qxg4 Bxg5 17. fxg5 Qe7 18. a3 Na6 19. Bd3 Nc7 20. Bd2 a4 21. Rac1 Bc6 22. Nd1 Nc4 23. Bb4 Qd7 24. Qf4 0-0-0 25. Qxf7 Qxf7 26. Rxf7 Rh4 27. Be7 Rg4+ 28. Kf1 Rh8 29. Nf2 Rxd4 30. Bd6 Nb5 31. Bxg6 Nbxd6 32. exd6 Nxd6 33. Rh7 Rg8 34. Rh6 Rf8 35. Kg1 Rdf4 36. Rc2 Nc4 37. Bd3 Kb8 38. g6 Ne3 39. Re2 Rg8 40. Rxe3 d4 41. Rxe6 1-0